00430nam a2200169Ia 4500003000400000005001700004008004100021040000700062041000800069082002100077100001100098245003600109260005100145300001700196365000800213650003900221OSt20230525112124.0210423s1984 xx 000 0 und d cAL aeng a362.1 223bNIPG aNIPCCD aGuidebook for anganwadi workers bNational Institute of Public Cooperationc1984 aviii,184bHB cINR aSocial Welfare Problems & Services